| 000 -LEADER |
| fixed length control field |
01414nam a22002297a 4500 |
| 003 - CONTROL NUMBER IDENTIFIER |
| control field |
OSt |
| 005 - DATE AND TIME OF LATEST TRANSACTION |
| control field |
20260124090925.0 |
| 008 - FIXED-LENGTH DATA ELEMENTS--GENERAL INFORMATION |
| fixed length control field |
230627b ||||| |||| 00| 0 eng d |
| 040 ## - CATALOGING SOURCE |
| Transcribing agency |
SSBUL |
| 041 ## - LANGUAGE CODE |
| Language code of text/sound track or separate title |
Shan |
| 082 ## - DEWEY DECIMAL CLASSIFICATION NUMBER |
| Classification number |
294.382353 |
| 100 ## - MAIN ENTRY--PERSONAL NAME |
| Personal name |
လႃႉထုၼ်း |
| Titles and words associated with a name |
ၸဝ်ႈၸရေး၊ ၵဵင်းတုင် |
| 245 ## - TITLE STATEMENT |
| Title |
ပိုၼ်းၸၢတ်ႈၼေႃႇလွင်းၸဝ်ႈ (10) ၸၢတ်ႈ / |
| Statement of responsibility, etc. |
ၸဝ်ႈၸရေးလႃႉထုၼ်းၵဵင်းတုင်၊ ၶပ်းၶိုင်- ၸဝ်ႈၵုသလ ၵျွၵ်ႉမႄး၊ ၸဝ်ႈဝႃႇယႃႇမ မိူင်းၵိုင် |
| 260 ## - PUBLICATION, DISTRIBUTION, ETC. |
| Place of publication, distribution, etc. |
တႃႈၵုင်ႈ |
| Name of publisher, distributor, etc. |
Pwint Offset |
| Date of publication, distribution, etc. |
2019 |
| 300 ## - PHYSICAL DESCRIPTION |
| Extent |
T၊ 24 ၼႃႈ |
| Dimensions |
26 ၸိၼ်ႇထီႇ |
| 500 ## - GENERAL NOTE |
| General note |
S-SAT: Dr. Prof Sai Aung Tun |
|
| General note |
ယိူင်းၸူးဝၼ်းၵိူတ်ႇ (50) ပီ ပီၵွၼ်းၶမ်းၸဝ်ႈၶူးလူင်တွၵ်ႉတိူဝ်ႇၶမ်းမၢႆထမ်မသႃမိသေပိုၼ်ဢွၵ်ႇ၊ ပပ်ႉၸဝ်ႈတႃႇၼႁင်းၶေႃတွၵ်ႉတိူဝ်ႇၸၢႆးဢွင်ႇထုၼ်းလူႇတၢၼ်းဝႆႉ |
| 650 ## - SUBJECT ADDED ENTRY--TOPICAL TERM |
| Topical term or geographic name entry element |
ၸႃႇတၵ၊ ဝတ်ႉထု၊ ဢပုမ်ႇ |
| 942 ## - ADDED ENTRY ELEMENTS (KOHA) |
| Koha item type |
Book (Short term) |
| 100 ## - MAIN ENTRY--PERSONAL NAME |
| 9 (RLIN) |
26888 |
|
| Source of classification or shelving scheme |
|
|
| Source of classification or shelving scheme |
|